000 00616nam a2200241Ia 4500
001 1061
003 GE_BSU
008 181216s||||||||xx |||||||||||||| ||und||
020 _a5985340716
040 _cGE_BSU
080 _a341(075.8)
100 _aСоловьев,Э.Я.
245 _aОсновы дипломатического права
245 _bУч-е пособие
260 _aМосква
260 _bОсь-89
260 _c2005
300 _a144стр.
541 _h4л.
653 _aОсновы дипломатического права
653 _aПраво
942 _cBK
999 _c35215
_d35215